La complejidad en las ciencias : (Registro nro. 72557)

Detalles MARC
000 -LEADER
fixed length control field 00803cam a2200217 4500
005 - DATE AND TIME OF LATEST TRANSACTION
control field 20220622095208.0
008 - FIXED-LENGTH DATA ELEMENTS--GENERAL INFORMATION
fixed length control field 090309t20022002mx a 000 0 spa u
020 ## - INTERNATIONAL STANDARD BOOK NUMBER
International Standard Book Number 9706690482
050 04 - LIBRARY OF CONGRESS CALL NUMBER
Classification number Q181
Item number C66 2002
245 03 - TITLE STATEMENT
Title La complejidad en las ciencias :
Remainder of title Método, institucionalización y enseñanza /
Statement of responsibility, etc Carlos Massé Narváez, René Pedroza Flores, coord.
250 ## - EDITION STATEMENT
Edition statement 1a ed.
260 ## - PUBLICATION, DISTRIBUTION, ETC. (IMPRINT)
Place of publication, distribution, etc México :
Name of publisher, distributor, etc El Colegio Mexiquense,
Date of publication, distribution, etc 2002
300 ## - PHYSICAL DESCRIPTION
Extent 262 paginas :
Other physical details ilustraciones ;
Dimensions 23 cm.
504 ## - BIBLIOGRAPHY, ETC. NOTE
Bibliography, etc Incluye bibliografía e índice
650 #7 - SUBJECT ADDED ENTRY--TOPICAL TERM
Source of heading or term Librunam
Topical term or geographic name as entry element Ciencia
General subdivision Estudio y enseñanza
650 #7 - SUBJECT ADDED ENTRY--TOPICAL TERM
Source of heading or term Librunam
Topical term or geographic name as entry element Ciencia
General subdivision Metodología
700 1# - ADDED ENTRY--PERSONAL NAME
Personal name Massé Narváez, Carlos,
Relator term coord.
700 1# - ADDED ENTRY--PERSONAL NAME
Personal name Pedroza Flores, René,
Relator term coord.
710 2# - ADDED ENTRY--CORPORATE NAME
Corporate name or jurisdiction name as entry element El Colegio Mexiquense
942 ## - ADDED ENTRY ELEMENTS (KOHA)
Source of classification or shelving scheme Biblioteca del Cogreso de los Estados Unidos
Koha item type Libro
Existencias
Estado de pérdida Fuente de clasificación Estado del daño No para préstamo Ubicación permanente Ubicación actual Apartado o colección Fecha de adquisición Edición Dependencia de educación superior (DES) Área del conocimiento Clasificación Código de Barras Date last seen Número de copia Costo por reposición Tipo de recurso Total Checkouts
  Biblioteca del Cogreso de los Estados Unidos     Biblioteca del Instituto de Investigaciones Históricas Biblioteca del Instituto de Investigaciones Históricas General 10/01/2019 1a ed. Humanidades Ciencias Naturales y Exactas Q181 C66 2002 IIH000003425 10/01/2019 C:1 1.00 Libro  
  Biblioteca del Cogreso de los Estados Unidos     Biblioteca del Instituto de Investigaciones Históricas Biblioteca del Instituto de Investigaciones Históricas General 22/06/2022 1a ed. Humanidades Ciencias Naturales y Exactas Q181 C66 2002 IIH000033161 22/06/2022 C:2 1.00 Libro